000
00271nam a22001217a 4500
008
171023b xxu||||| |||| 00| 0 eng d
041
_a
eng
080
_2
6 ED
_a
338
100
_a
55
101
_a
MEN
245
_a
CONTEMPORARY MANAGEMENT
_c
JONES.G.R
942
_2
udc
_c
BK
999
_c
35560
_d
35560